[Event "Ch Armed Forces"]
[Site "masterchessopen.com Novosibirsk (Russia)"]
[Round "0"]
[White "Karasev Vladimir I (RUS)"]
[Black "Ronin V (RUS)"]
[Result "0-1"]
[WhiteElo "2372"]
[BlackElo "2285"]

1.d4 Nf6 2.c4 e6 3.Nc3 Bb4 4.e3 c5 5.Ne2 b6 6.a3 Ba5 7.Rb1 Na6 8.Qa4 Bb7 9.b4
Bc6 10.b5 Be4 11.Rb2 Nb8 12.dxc5 bxc5 13.Bd2 Bb7 14.Ne4 Bxd2+ 15.Nxd2 O-O
16.Qc2 d6 17.f3 Nbd7 18.Nb3 Ne5 19.a4 Rc8 20.Ng3 h5 21.h4 d5 22.Qc3 Qd6 23.Rh3
Rfd8 24.Rd2 Qc7 25.Kf2 dxc4 26.Rxd8+ Rxd8 27.Bxc4 Qd6 28.Ne2 Neg4+ {#R} 0-1

[Event "It (w)"]
[Site "masterchessopen.com Paris (France)"]
[Round "0"]
[White "Duquesne L"]
[Black "Csonkics Tunde (HUN)"]
[Result "0-1"]
[WhiteElo "1610"]
[BlackElo "2205"]

1.d4 Nf6 2.c4 e6 3.Nc3 Bb4 4.e3 c5 5.Ne2 cxd4 6.exd4 d5 7.Qa4+ Nc6 8.a3 Be7
9.cxd5 Nxd5 10.g3 Nxc3 11.bxc3 Qd5 12.Rg1 b5 13.Qc2 Bb7 14.Bg2 Qd7 15.Kf1 Rc8
16.f3 Nxd4 17.Nxd4 Qxd4 18.Bb2 Bd5 19.Rh1 Bc4+ {#R} 0-1

[Event "It (open)"]
[Site "masterchessopen.com Philadelphia (USA)"]
[Round "0"]
[White "Petursson Margeir (ISL)"]
[Black "Baquero Luis A (COL)"]
[Result "1-0"]
[WhiteElo "2590"]
[BlackElo "2252"]

1.d4 Nf6 2.c4 e6 3.Nc3 Bb4 4.e3 c5 5.Ne2 cxd4 6.exd4 d5 7.c5 O-O 8.a3 Bxc3+
9.Nxc3 b6 10.Be2 a5 11.Bf4 Ne4 12.Nxe4 dxe4 13.O-O Nc6 14.Bd6 Re8 15.Bb5 Bb7
16.Re1 Qg5 17.Rxe4 Qd5 18.f3 f5 19.Re3 Nxd4 20.Re5 Nxb5 21.Rxd5 Bxd5 22.Rc1
Nxd6 23.cxd6 Rad8 24.Qa4 Rf8 25.Qh4 Rd7 26.Rc7 Rfd8 27.Qd4 Kf8 28.Qxb6 e5
29.Rxd7 Rxd7 30.Qxa5 {#r} 1-0

[Event "It (b)"]
[Site "masterchessopen.com Tallinn (Estonia)"]
[Round "0"]
[White "Narva Jaan (EST)"]
[Black "Schandorff Lars (DEN)"]
[Result "0-1"]
[WhiteElo "2300"]
[BlackElo "2494"]

1.d4 Nf6 2.c4 e6 3.Nc3 Bb4 4.e3 c5 5.Ne2 cxd4 6.exd4 d5 7.a3 Be7 8.c5 O-O 9.g3
b6 10.b4 bxc5 11.dxc5 a5 12.Rb1 Nc6 13.b5 Ne5 14.f4 Nf3+ 15.Kf2 Bxc5+ 16.Kxf3
d4 17.Na4 Qd5+ 18.Kf2 d3+ 19.Nxc5 Qxc5+ 20.Nd4 Qxd4+ 21.Be3 Ne4+ 22.Kf3 Qd5
23.Qxd3 Nd2+ 24.Kf2 Nxb1 {#R} 0-1

[Event "Ch Bayern (2)"]
[Site "masterchessopen.com Bayern (Germany)"]
[Round "0"]
[White "Knechtel Roland (GER)"]
[Black "Beisser Georg"]
[Result "1-0"]
[WhiteElo "2220"]
[BlackElo "2045"]

1.d4 Nf6 2.c4 e6 3.Nc3 Bb4 4.e3 c5 5.Ne2 cxd4 6.exd4 d5 7.a3 Be7 8.Ng3 O-O
9.Be2 dxc4 10.Bxc4 Nc6 11.Be3 a6 12.Be2 b5 13.Rc1 b4 14.Nce4 Bb7 15.Nc5 Bxc5
16.Rxc5 bxa3 17.bxa3 Ne7 18.O-O Rc8 19.Nh5 Rxc5 20.Nxf6+ gxf6 21.dxc5 Qxd1
22.Rxd1 Nd5 23.Bd4 f5 24.Rb1 Bc6 25.Bc4 a5 26.Bb5 Rb8 27.a4 Nf4 28.Be5 {#r}
1-0

[Event "It"]
[Site "masterchessopen.com Belgorod (Russia)"]
[Round "0"]
[White "Zilberman Nathan R (KGZ)"]
[Black "Sher Miron N (USA)"]
[Result "0-1"]
[WhiteElo "2455"]
[BlackElo "2485"]

1.d4 Nf6 2.c4 e6 3.Nc3 Bb4 4.e3 c5 5.Ne2 cxd4 6.exd4 d5 7.a3 Be7 8.c5 b6 9.b4
a5 10.Na4 bxc5 11.dxc5 axb4 12.axb4 Nc6 13.Rb1 O-O 14.g3 e5 15.Bg2 Bg4 16.h3
Bxe2 17.Kxe2 Qc8 18.Nb6 Ra2+ 19.Kf1 Qf5 20.Be3 d4 21.g4 Qe6 22.Bg5 e4 23.Kg1
e3 24.fxe3 Ne4 25.Bxe7 Nc3 26.Qf3 Qxe7 27.Nd5 Nxd5 28.Qxd5 Qxe3+ 29.Kh2 Nxb4
{#R} 0-1

[Event "Tournament (team)"]
[Site "masterchessopen.com Buenos Aires (Argentina)"]
[Round "0"]
[White "Suarez Jesus (CUB)"]
[Black "Fiorito Fabian (ARG)"]
[Result "0-1"]
[WhiteElo "2230"]
[BlackElo "2438"]

1.d4 Nf6 2.c4 e6 3.Nc3 Bb4 4.e3 c5 5.Ne2 cxd4 6.exd4 O-O 7.a3 Be7 8.d5 exd5
9.cxd5 Bc5 10.b4 Bb6 11.Na4 Re8 12.Nxb6 axb6 13.h3 d6 14.g4 Qe7 15.Bg2 Nbd7
16.Be3 Ne5 17.Qd4 h5 18.g5 Nh7 19.f4 Nc4 20.Qxc4 Qxe3 21.Qc2 Bf5 22.Qd2 Qg3+
23.Kf1 Rxe2 {#R} 0-1

[Event "It (open)"]
[Site "masterchessopen.com Burriana (Spain)"]
[Round "3"]
[White "Galiano Martinez Antonio (ESP)"]
[Black "Mompo Ballester Vicente (ESP)"]
[Result "0-1"]
[WhiteElo "2088"]
[BlackElo "2201"]

1.d4 Nf6 2.c4 e6 3.Nc3 Bb4 4.e3 c5 5.Ne2 cxd4 6.exd4 d5 7.a3 Be7 8.Ng3 O-O
9.Bd3 a6 10.O-O dxc4 11.Bxc4 b5 12.Bd3 Bb7 13.b4 Nbd7 14.Bb2 Nb6 15.Nge4 Nc4
16.Rb1 Nxb2 17.Rxb2 Qxd4 18.Rd2 Bxe4 19.Bxe4 Qxc3 20.Bxa8 Rxa8 21.Rd3 Qc7
22.Qf3 Nd5 23.Rfd1 a5 24.Qe4 axb4 25.axb4 Ra4 26.Rd4 h6 27.g3 Bf6 28.Rxd5 exd5
29.Qe8+ Kh7 30.Qxb5 Qc2 {#R} 0-1

[Event "It (cat.9)"]
[Site "masterchessopen.com Dortmund (Germany)"]
[Round "0"]
[White "Knaak Rainer (GER)"]
[Black "Skembris Spyridon (GRE)"]
[Result "1-0"]
[WhiteElo "2482"]
[BlackElo "2463"]

1.d4 Nf6 2.c4 e6 3.Nc3 Bb4 4.e3 c5 5.Ne2 cxd4 6.exd4 d5 7.c5 Ne4 8.Bd2 Nxd2
9.Qxd2 Qd7 10.a3 Ba5 11.g3 Bd8 12.Bg2 a5 13.b3 b6 14.O-O O-O 15.b4 Ba6 16.Rfb1
Bxe2 17.Nxe2 Qa7 18.Nc3 Bf6 19.Nxd5 exd5 20.Bxd5 axb4 21.cxb6 Qa5 22.Bxa8 Qxa8
23.Rxb4 Nc6 24.b7 Qa7 25.Rc1 Nxd4 26.Qe3 Qb8 27.a4 Qd6 28.Rbb1 Be5 29.Rc8 Nc6
30.Rxc6 {#r} 1-0

[Event "It \"]
[Site "masterchessopen.com Gausdal (Norway)"]
[Round "0"]
[White "Muir Andrew J (SCO)"]
[Black "Grotnes Nils (NOR)"]
[Result "1-0"]
[WhiteElo "2311"]
[BlackElo "2193"]

1.d4 Nf6 2.c4 e6 3.Nc3 Bb4 4.e3 c5 5.Ne2 cxd4 6.exd4 O-O 7.a3 Be7 8.d5 exd5
9.cxd5 Bc5 10.b4 Bb6 11.Na4 Re8 12.Nxb6 axb6 13.g3 d6 14.Bg2 Bg4 15.f3 Qc8
16.fxg4 Qc3+ 17.Bd2 Rxe2+ 18.Kxe2 Qc4+ 19.Ke1 Nbd7 20.Bf3 Re8+ 21.Kf2 Ne5
22.Re1 Nd3+ 23.Kg2 Nxe1+ 24.Bxe1 {#r} 1-0

[Event "It (open)"]
[Site "masterchessopen.com Groningen (Netherlands)"]
[Round "2"]
[White "Gupta Milon (GER)"]
[Black "Rotstein Arkadij (GER)"]
[Result "0-1"]
[WhiteElo "2270"]
[BlackElo "2515"]

1.d4 Nf6 2.c4 e6 3.Nc3 Bb4 4.e3 c5 5.Ne2 cxd4 6.exd4 d5 7.a3 Be7 8.Nf4 Nc6
9.Be3 O-O 10.cxd5 Nxd5 11.Nfxd5 exd5 12.Bd3 Be6 13.O-O Bf6 14.Rc1 g6 15.Na4
Nxd4 16.Bxg6 Nf3+ 17.Qxf3 hxg6 18.Nc5 Bf5 19.Rcd1 Bxb2 20.Rxd5 Qh4 21.Rxf5
gxf5 22.Qxf5 Rfe8 23.g3 Qh7 24.Qg4+ Qg7 25.Qh4 b6 26.Nd3 Bxa3 27.Bd4 Be7
28.Qf4 Bg5 29.Qd6 Qg6 30.Qxg6+ fxg6 31.Ba1 Re6 32.h4 Rd8 33.hxg5 Rxd3 34.Rc1
Red6 {#R} 0-1

[Event "It (open)"]
[Site "masterchessopen.com Lyngby (Denmark)"]
[Round "0"]
[White "Hansen Sune Berg (DEN)"]
[Black "Southam David (CAN)"]
[Result "1-0"]
[WhiteElo "2566"]
[BlackElo "2086"]

1.d4 e6 2.c4 Nf6 3.Nc3 Bb4 4.e3 c5 5.Ne2 cxd4 6.exd4 O-O 7.a3 Be7 8.Nf4 d5
9.Be3 dxc4 10.Bxc4 a6 11.O-O b5 12.Qf3 Nc6 13.Bxb5 axb5 14.Qxc6 Rb8 15.Qf3 b4
16.axb4 Rxb4 17.Nd3 Rb8 18.Ra7 Bd6 19.Rfa1 Nd5 20.Ne4 Bb7 21.Bg5 f6 22.Qg4 Kh8
23.Bh4 Nc7 24.Nxd6 Qxd6 25.Bg3 Qc6 26.f3 e5 27.dxe5 Nb5 28.exf6 Qb6+ 29.Kh1
{#r} 1-0

[Event "It (open)"]
[Site "masterchessopen.com Nuernberg (Germany)"]
[Round "4"]
[White "Gupta Milon (GER)"]
[Black "Wirth Wolfgang"]
[Result "1-0"]
[WhiteElo "2270"]
[BlackElo "1950"]

1.d4 Nf6 2.c4 e6 3.Nc3 Bb4 4.e3 c5 5.Ne2 cxd4 6.exd4 d5 7.c5 Ne4 8.Bd2 Nxd2
9.Qxd2 b6 10.a3 Bxc3 11.Nxc3 O-O 12.b4 Qe7 13.Be2 Bd7 14.O-O Rd8 15.Rfc1 Be8
16.Bf3 Nc6 17.Rab1 Qf6 18.Rd1 Ne7 19.b5 Nf5 20.Be2 Rac8 21.c6 Nd6 22.Bd3 g6
23.Qe3 Rc7 24.g3 g5 25.Rf1 Qg7 26.f4 h6 27.f5 Nxf5 28.Bxf5 exf5 29.Rxf5 Qg6
30.Rbf1 Rcc8 31.Nxd5 {#r} 1-0

[Event "It (open) \"]
[Site "masterchessopen.com Prague (Czech Republic)"]
[Round "7"]
[White "Graf Alexander (GER)"]
[Black "Kiselev Sergey (RUS)"]
[Result "0-1"]
[WhiteElo "2415"]
[BlackElo "2450"]

1.d4 Nf6 2.c4 e6 3.Nc3 Bb4 4.e3 c5 5.Ne2 b6 6.a3 Ba5 7.Rb1 Na6 8.Bd2 O-O 9.d5
Re8 10.f3 exd5 11.cxd5 b5 12.e4 b4 13.Nb5 Qb6 14.Ng3 Bb7 15.Nf5 Bxd5 16.Nbd6
Re6 17.Kf2 Rxd6 18.Nxd6 Qxd6 19.exd5 c4 20.Be3 Bb6 21.Bxb6 Qxb6+ 22.Kg3 Qe3
23.h4 Re8 24.Kh2 Nc5 25.axb4 Nb3 26.g3 Nd2 27.Rc1 Qf2+ 28.Bg2 Re2 29.Rg1 Nxf3+
30.Kh3 Ne4 31.Bxf3 Qxf3 {#R} 0-1

[Event "It (open)"]
[Site "masterchessopen.com Rome (Italy)"]
[Round "0"]
[White "Garcia Palermo Carlos (ITA)"]
[Black "Oll Lembit (EST)"]
[Result "0-1"]
[WhiteElo "2460"]
[BlackElo "2570"]

1.d4 Nf6 2.c4 e6 3.Nc3 Bb4 4.e3 c5 5.Ne2 d5 6.a3 Bxc3+ 7.Nxc3 cxd4 8.exd4 dxc4
9.Bxc4 Nc6 10.Be3 O-O 11.O-O b6 12.Qf3 Bb7 13.Bd3 Rc8 14.Qh3 Ne7 15.Bg5 Ng6
16.Rad1 h6 17.Bxg6 hxg5 18.Bb1 g6 19.Rfe1 Kg7 20.Qg3 g4 21.Qe5 Rh8 22.Qf4 Rc7
23.Bd3 Rd7 24.Bb5 Rd6 25.Be2 Rh5 26.Qe3 Qd7 27.Bf1 a6 28.Rd3 a5 29.Rd2 Qc6
30.Red1 Rd8 31.Qg3 Rdh8 32.d5 exd5 33.Nb5 Ne4 {#R} 0-1

[Event "It (open)"]
[Site "masterchessopen.com Rome (Italy)"]
[Round "5"]
[White "Vannelli Vittorio (ITA)"]
[Black "Ciampi Vincenzo (ITA)"]
[Result "0-1"]
[WhiteElo "1815"]
[BlackElo "2107"]

1.c4 e6 2.Nc3 Nf6 3.d4 Bb4 4.e3 c5 5.Ne2 cxd4 6.exd4 O-O 7.a3 Be7 8.Bd2 b6
9.Qc2 Ba6 10.Ne4 d5 11.Nxf6+ Bxf6 12.cxd5 Qxd5 13.Bc3 Nc6 14.Nf4 Nxd4 15.O-O-O
Qg5 16.Rxd4 Bxd4 17.Bxa6 Bxc3 18.bxc3 Qxf4+ 19.Kb2 Rfd8 20.Bd3 Rac8 21.Bxh7+
Kh8 22.Bd3 Rc5 23.g3 Qf6 24.Qd2 Rcd5 {#R} 0-1

[Event "Tournament (d)"]
[Site "masterchessopen.com Aarhus (Denmark)"]
[Round "0"]
[White "Guindy Esmat (DEN)"]
[Black "Leth Uffe (DEN)"]
[Result "0-1"]
[WhiteElo "2035"]
[BlackElo "1882"]

1.d4 Nf6 2.c4 e6 3.Nc3 Bb4 4.e3 c5 5.Ne2 cxd4 6.exd4 d5 7.c5 Ne4 8.Bd2 Nc6
9.a3 Bxc3 10.Bxc3 O-O 11.Qd3 e5 12.dxe5 Nxc5 13.Qe3 Nb3 14.Rd1 Bf5 15.Bb4 Nxb4
16.Qxb3 Nc2+ 17.Kd2 Rc8 18.Rc1 Qa5+ 19.Nc3 d4 20.Rxc2 Bxc2 21.Kxc2 dxc3
22.bxc3 Qxe5 {#R} 0-1

[Event "It (open) \"]
[Site "masterchessopen.com Buenos Aires (Argentina)"]
[Round "0"]
[White "Restifa Hector (ARG)"]
[Black "Fuentes Alberto (ARG)"]
[Result "1-0"]
[WhiteElo "2315"]
[BlackElo "2128"]

1.d4 Nf6 2.c4 e6 3.Nc3 Bb4 4.e3 c5 5.Ne2 cxd4 6.exd4 O-O 7.d5 exd5 8.cxd5 Re8
9.Be3 d6 10.Qb3 Na6 11.O-O-O Ng4 12.Bd4 Bc5 13.f3 Ne3 14.Rd2 Bf5 15.Ng3 Bxd4
16.Rxd4 Nc5 17.Qb5 a6 18.Qe2 {#r} 1-0

[Event "Ch Yugoslavia (team)"]
[Site "masterchessopen.com Cetinje (Montenegro)"]
[Round "7"]
[White "Maksimovic Suzana (SRB)"]
[Black "Csonkics Tunde (HUN)"]
[Result "1-0"]
[WhiteElo "2223"]
[BlackElo "2205"]

1.d4 Nf6 2.c4 e6 3.Nc3 Bb4 4.e3 c5 5.Ne2 cxd4 6.exd4 d5 7.c5 O-O 8.a3 Bxc3+
9.Nxc3 b6 10.Bd3 Nc6 11.O-O Nxd4 12.Bxh7+ Nxh7 13.Qxd4 bxc5 14.Qxc5 Ba6 15.Rd1
Qf6 16.Be3 Rfc8 17.Qd6 Bc4 18.Qg3 Rd8 19.f4 Qf5 20.Bd4 Nf6 21.Qh4 Nd7 22.Bxa7
g5 23.fxg5 Rxa7 24.g6 Qf6 25.Qh7+ Kf8 26.Rf1 Bxf1 27.Rxf1 Qd4+ 28.Kh1 Nf6
29.Qh8+ Ke7 30.Qg7 Ke8 31.Rxf6 Re7 32.gxf7+ Kd7 33.f8=Q {#r} 1-0

[Event "It (cat.11)"]
[Site "masterchessopen.com Hamburg (Germany)"]
[Round "0"]
[White "Lobron Eric (GER)"]
[Black "Wegner Hannu (GER)"]
[Result "1-0"]
[WhiteElo "2545"]
[BlackElo "2435"]

1.d4 Nf6 2.c4 e6 3.Nc3 Bb4 4.e3 c5 5.Ne2 cxd4 6.exd4 O-O 7.a3 Be7 8.d5 exd5
9.cxd5 Bc5 10.b4 Bb6 11.Na4 d6 12.Nxb6 axb6 13.Ng3 Re8+ 14.Be2 Na6 15.Bb2 Nc7
16.O-O Nfxd5 17.Qd2 Be6 18.Bf3 f6 19.Rac1 Qd7 20.Rfd1 Rad8 21.h3 b5 22.Qd4 Kh8
23.Rd2 Bf7 24.Kh2 Ra8 25.Qh4 Rf8 26.Rcd1 Qc6 27.Be4 {#r} 1-0

[Event "It (open)"]
[Site "masterchessopen.com Metz (France)"]
[Round "0"]
[White "Levitt Jonathan (ENG)"]
[Black "Anderton Matthew (ENG)"]
[Result "1-0"]
[WhiteElo "2420"]
[BlackElo "2227"]

1.d4 Nf6 2.c4 e6 3.Nc3 Bb4 4.e3 c5 5.Ne2 cxd4 6.exd4 O-O 7.a3 Be7 8.d5 exd5
9.cxd5 Bc5 10.b4 Bb6 11.Ng3 Re8+ 12.Be2 d6 13.O-O a6 14.Bf4 Bc7 15.Rc1 Nbd7
16.Qc2 Ne5 17.Bg5 Bb6 18.Nce4 Bg4 19.Bxf6 gxf6 20.Bxg4 Nxg4 21.h3 Nh6 22.Qd2
Kg7 23.Nh5+ Kg6 24.Nhxf6 Re5 25.Rc3 {#r} 1-0

[Event "It (open)"]
[Site "masterchessopen.com Meudon (France)"]
[Round "7"]
[White "Chevallier Didier (FRA)"]
[Black "Primel Dominique (FRA)"]
[Result "0-1"]
[WhiteElo "2293"]
[BlackElo "2002"]

1.d4 Nf6 2.c4 e6 3.Nc3 Bb4 4.e3 c5 5.Ne2 cxd4 6.exd4 O-O 7.a3 Be7 8.d5 exd5
9.cxd5 Bc5 10.Na4 d6 11.Nxc5 dxc5 12.Nc3 b6 13.Be2 Ba6 14.O-O Bxe2 15.Qxe2 Re8
16.Qd1 Ne4 17.Nxe4 Rxe4 18.Qf3 Qe7 19.Bg5 Qe5 20.Qxe4 Qxe4 21.Rfe1 Qa4 22.b3
Qd7 23.Re7 Qc8 {#R} 0-1

[Event "It (open)"]
[Site "masterchessopen.com Meudon (France)"]
[Round "5"]
[White "De Lagontrie Jean (FRA)"]
[Black "Pira Davoud (FRA)"]
[Result "0-1"]
[WhiteElo "1891"]
[BlackElo "2382"]

1.d4 Nf6 2.c4 e6 3.Nc3 Bb4 4.e3 c5 5.Ne2 cxd4 6.exd4 d5 7.c5 Ne4 8.Bd2 Nc6
9.a3 Bxc3 10.Bxc3 O-O 11.Qc2 e5 12.O-O-O Nxf2 13.Ng3 Nxd1 14.Qxd1 e4 15.Bb5 f5
16.Rf1 Qg5+ 17.Kb1 f4 18.Ne2 Bg4 19.Qb3 a6 20.h4 Qd8 21.Bxc6 bxc6 22.Nxf4 Qxh4
23.Be1 Qh6 24.Bd2 Be2 25.Re1 Bc4 26.Qd1 e3 27.Bxe3 Rxf4 28.Bxf4 Qxf4 {#R} 0-1

[Event "It (open)"]
[Site "masterchessopen.com Ponferrada (Spain)"]
[Round "0"]
[White "Cruz-Lopez Claret Carlos (ESP)"]
[Black "Urday Henry (PER)"]
[Result "0-1"]
[WhiteElo "2275"]
[BlackElo "2482"]

1.d4 Nf6 2.c4 e6 3.Nc3 Bb4 4.e3 c5 5.Ne2 cxd4 6.exd4 d5 7.c5 Ne4 8.Bd2 Nc6
9.Nxe4 dxe4 10.Bxb4 Nxb4 11.Qa4+ Nc6 12.h4 O-O 13.Rd1 Bd7 14.Nc3 f5 15.Bb5 Qe7
16.b4 a6 17.Bxc6 Bxc6 18.Qb3 Kh8 19.Kf1 f4 20.Qc2 e3 21.f3 Rf5 22.h5 h6 23.Ne4
Qe8 24.Nd6 Rxh5 25.Rg1 Qe7 26.Qg6 Qh4 27.g3 Qh2 {#R} 0-1

[Event "It (open)"]
[Site "masterchessopen.com Torcy (France)"]
[Round "0"]
[White "Le Bideau Alain (FRA)"]
[Black "Boudre Jean-Pierre (FRA)"]
[Result "1-0"]
[WhiteElo "2226"]
[BlackElo "2299"]

1.d4 Nf6 2.c4 e6 3.Nc3 Bb4 4.e3 c5 5.Ne2 cxd4 6.exd4 O-O 7.a3 Be7 8.g3 d5 9.c5
b6 10.b4 bxc5 11.dxc5 a5 12.Rb1 axb4 13.axb4 Nc6 14.Bg2 Rb8 15.Ba3 Ba6 16.O-O
Bc4 17.Re1 Ne8 18.b5 Na5 19.Nd4 Bf6 20.Bf1 Bxf1 21.Kxf1 e5 22.Nf3 Nc4 23.Bb4
d4 24.Qd3 dxc3 25.Qxc4 c2 26.Qxc2 Rxb5 27.c6 Rxb4 28.Rxb4 Qd5 29.Qe4 Qxe4
30.Rexe4 Nd6 31.Re2 e4 32.Nd4 Rc8 33.Rc2 g6 34.Nb5 Rb8 {#r} 1-0

[Event "It (open)"]
[Site "masterchessopen.com Bad Woerishofen (Germany)"]
[Round "0"]
[White "Tyrtania Maximilian (GER)"]
[Black "Vogt Lothar (GER)"]
[Result "1-0"]
[WhiteElo "2249"]
[BlackElo "2530"]

1.d4 Nf6 2.c4 e6 3.Nc3 Bb4 4.e3 c5 5.Ne2 cxd4 6.exd4 d5 7.a3 Be7 8.c5 Nc6 9.b4
e5 10.dxe5 Nxe5 11.Nd4 Ne4 12.Bb5+ Kf8 13.Nxe4 dxe4 14.Be3 Bf6 15.O-O Bg4
16.Qb3 a6 17.Be2 h5 18.Rad1 Nd3 19.h3 Bxd4 20.hxg4 hxg4 21.Bxg4 Be5 22.g3 Qf6
23.Kg2 g5 24.Qd5 Kg7 25.Qxe4 Nf4+ 26.gxf4 gxf4 27.Qxe5 Qxe5 28.Bd4 f6 29.Bxe5
fxe5 30.Rd7+ Kf6 31.f3 {#r} 1-0

[Event "It (open)"]
[Site "masterchessopen.com Biel (Switzerland)"]
[Round "9"]
[White "Hort Vlastimil (GER)"]
[Black "Bauert Ralph (SUI)"]
[Result "1-0"]
[WhiteElo "2560"]
[BlackElo "2263"]

1.d4 Nf6 2.c4 e6 3.Nc3 Bb4 4.e3 c5 5.Ne2 cxd4 6.exd4 d5 7.c5 Nc6 8.a3 Bxc3+
9.Nxc3 a5 10.Bf4 O-O 11.Bd6 Re8 12.Bb5 Bd7 13.O-O b6 14.Qd3 bxc5 15.dxc5 Ng4
16.Rae1 f6 17.f4 Nh6 18.Nxd5 Ne5 19.fxe5 Bxb5 20.Qxb5 exd5 21.exf6 Rxe1
22.Rxe1 gxf6 23.Qb7 {#r} 1-0

[Event "It (open)"]
[Site "masterchessopen.com Calcutta (India)"]
[Round "0"]
[White "Ganesan Sankar (IND)"]
[Black "Parameswaran Tiruchi N (IND)"]
[Result "1-0"]
[WhiteElo "2300"]
[BlackElo "2365"]

1.d4 Nf6 2.c4 e6 3.Nc3 Bb4 4.e3 c5 5.Ne2 cxd4 6.exd4 d5 7.c5 e5 8.a3 Bxc3+
9.Nxc3 exd4 10.Qxd4 Nc6 11.Bb5 O-O 12.Bxc6 bxc6 13.O-O Ne8 14.Bf4 Nc7 15.Bxc7
Qxc7 16.b4 Ba6 17.Rfe1 Bc4 18.Ne4 a5 19.Nd6 g6 20.Rac1 axb4 21.axb4 Qb8 22.Rb1
Ra4 23.Qc3 Ba2 24.Ra1 Qa8 25.Re3 d4 26.Qxd4 Be6 27.Rae1 Rb8 28.Ne4 Raxb4
29.Nf6+ Kh8 30.Qd6 Kg7 31.Qe5 Rb1 32.g4 Rxe1+ 33.Rxe1 Rb4 {#r} 1-0

[Event "It (open) (b)"]
[Site "masterchessopen.com Canada"]
[Round "5"]
[White "Ochkoos Jura (CAN)"]
[Black "McGarrett Ian (CAN)"]
[Result "1-0"]
[WhiteElo "2267"]
[BlackElo "2172"]

1.d4 Nf6 2.c4 e6 3.Nc3 Bb4 4.e3 c5 5.Ne2 cxd4 6.exd4 d5 7.c5 Nc6 8.a3 Ba5 9.b4
Bc7 10.Bg5 a6 11.g3 h6 12.Bxf6 Qxf6 13.Bg2 h5 14.h4 Ne7 15.Rc1 Bd7 16.Qd2 Nf5
17.Rd1 b6 18.O-O bxc5 19.dxc5 Bc6 20.a4 Rb8 21.Rb1 Rg8 22.f4 Qe7 23.Rfe1 Rd8
24.Nd4 Nxd4 25.Qxd4 Qd7 26.b5 axb5 27.axb5 Ba8 28.c6 Qe7 29.b6 {#r} 1-0

[Event "It (open)"]
[Site "masterchessopen.com Cattolica (Italy)"]
[Round "3"]
[White "Brancaleoni Maurizio (ITA)"]
[Black "Haldemann Paul (SUI)"]
[Result "1-0"]
[WhiteElo "2275"]
[BlackElo "2090"]

1.d4 Nf6 2.c4 e6 3.Nc3 Bb4 4.e3 c5 5.Ne2 d5 6.a3 Bxc3+ 7.Nxc3 cxd4 8.exd4 dxc4
9.Bxc4 Nc6 10.Be3 O-O 11.O-O b6 12.Qf3 Bb7 13.Qh3 Ne7 14.Rad1 Qc7 15.Bd3 Ng6
16.f4 Nd5 17.Nxd5 Bxd5 18.g4 f6 19.f5 exf5 20.Rxf5 Qf7 21.Rh5 Rfe8 22.Rc1 Be6
23.Rxh7 Rac8 24.Re1 Rf8 25.Rh8+ {#r} 1-0

[Event "It (open)"]
[Site "masterchessopen.com Cattolica (Italy)"]
[Round "0"]
[White "Casadei Mauro (ITA)"]
[Black "Gorelov Sergey G (RUS)"]
[Result "0-1"]
[WhiteElo "2167"]
[BlackElo "2435"]

1.d4 Nf6 2.c4 e6 3.Nc3 Bb4 4.e3 c5 5.Ne2 cxd4 6.exd4 d5 7.a3 Be7 8.c5 O-O
9.Ng3 b6 10.b4 bxc5 11.dxc5 a5 12.Rb1 axb4 13.axb4 d4 14.Na4 Nd5 15.Bd2 Nc6
16.Bc4 Ne5 17.Bxd5 Qxd5 18.Nb6 Qxg2 19.Nxa8 Nf3+ 20.Ke2 d3+ 21.Kxd3 Rd8+
22.Kc2 Rxd2+ 23.Qxd2 Nxd2 24.Kxd2 Qxf2+ 25.Ne2 Bg5+ 26.Kd1 Qf3 {#R} 0-1

[Event "Olympiad (corr.)"]
[Site "masterchessopen.com corr."]
[Round "0"]
[White "Webb Simon (ENG)"]
[Black "Hebert Jean (CAN)"]
[Result "1-0"]
[WhiteElo "2420"]
[BlackElo "2416"]

1.d4 Nf6 2.c4 e6 3.Nc3 Bb4 4.e3 c5 5.Ne2 d5 6.a3 Bxc3+ 7.Nxc3 cxd4 8.exd4 dxc4
9.Bxc4 Nc6 10.Be3 O-O 11.O-O b6 12.Qf3 Bb7 13.Bd3 Qd7 14.Qh3 Ne7 15.Bg5 Ng6
16.Bxf6 gxf6 17.d5 Bxd5 18.Rad1 Qc6 19.Bb5 Qc5 20.b4 Qd6 21.f4 f5 22.Nxd5 exd5
23.Qxf5 d4 24.Rd3 Rad8 25.g3 Qe7 26.h4 f6 27.h5 Nh8 28.Qg4+ Qg7 29.Qxg7+ Kxg7
30.Rfd1 Nf7 31.Rxd4 {#r} 1-0

[Event "Cup Arnold"]
[Site "masterchessopen.com Gausdal (Norway)"]
[Round "0"]
[White "Fyllingen Roy Harald (NOR)"]
[Black "Motwani Paul (SCO)"]
[Result "0-1"]
[WhiteElo "2330"]
[BlackElo "2455"]

1.d4 Nf6 2.c4 e6 3.Nc3 Bb4 4.e3 c5 5.Ne2 cxd4 6.exd4 d5 7.a3 Be7 8.Nf4 O-O
9.Be3 Nc6 10.cxd5 Nxd5 11.Ncxd5 exd5 12.Bd3 Bf6 13.O-O g6 14.Bc2 Re8 15.Bb3
Be6 16.Rc1 Qd6 17.Nxe6 Qxe6 18.Rc5 Rad8 19.Qf3 Nxd4 20.Bxd4 Bxd4 21.Bxd5 Qd7
22.Ra5 Re5 {#R} 0-1

[Event "It (open)"]
[Site "masterchessopen.com Gausdal (Norway)"]
[Round "8"]
[White "Guindy Esmat (DEN)"]
[Black "Chachere Lawrence (USA)"]
[Result "0-1"]
[WhiteElo "2045"]
[BlackElo "2305"]

1.d4 Nf6 2.c4 e6 3.Nc3 Bb4 4.e3 c5 5.Ne2 cxd4 6.exd4 O-O 7.a3 Be7 8.d5 exd5
9.cxd5 Re8 10.g3 Bc5 11.b4 Bb6 12.h3 a5 13.b5 d6 14.Bg2 Nbd7 15.O-O Ne5 16.Na4
Bf5 17.Nxb6 Qxb6 18.a4 Be4 19.Be3 Qd8 20.Rc1 Nf3+ 21.Kh1 Nxd5 22.Nc3 Nxc3
23.Rxc3 Qf6 24.Bd2 Nxd2 25.Qxd2 Qe6 26.Rfc1 Qxh3+ {#R} 0-1

[Event "It (open)"]
[Site "masterchessopen.com Hyeres (France)"]
[Round "0"]
[White "Vaisser Anatoly (FRA)"]
[Black "Solozhenkin Evgeniy (RUS)"]
[Result "1-0"]
[WhiteElo "2580"]
[BlackElo "2450"]

1.d4 Nf6 2.c4 e6 3.Nc3 Bb4 4.e3 c5 5.Ne2 cxd4 6.exd4 O-O 7.a3 Be7 8.d5 exd5
9.cxd5 Bc5 10.b4 Bb6 11.Na4 Re8 12.Nxb6 axb6 13.g3 d6 14.Bg2 Bd7 15.O-O Ba4
16.Qd2 Nbd7 17.Nc3 Ne5 18.Qd4 b5 19.Bd2 Nfd7 20.Ne4 Bc2 21.Nxd6 Qf6 22.Nxb5
Nf3+ 23.Bxf3 Qxf3 24.Qc3 Ne5 25.Qxc2 Qxd5 26.Qc5 Nf3+ 27.Kh1 Qxd2 28.Qf5 Re3
29.Nd6 Ne1 30.Qxf7+ Kh8 31.Nc4 {#r} 1-0

[Event "It \"]
[Site "masterchessopen.com New York (USA)"]
[Round "0"]
[White "Rosenberg Daniel (ENG)"]
[Black "Moskow Eric (USA)"]
[Result "1-0"]
[WhiteElo "2200"]
[BlackElo "2177"]

1.d4 Nf6 2.c4 e6 3.Nc3 Bb4 4.e3 c5 5.Ne2 cxd4 6.exd4 O-O 7.a3 Be7 8.d5 exd5
9.cxd5 Re8 10.d6 Bf8 11.g3 b6 12.Bg2 Nc6 13.b4 Bb7 14.O-O Qb8 15.Nb5 Ba6
16.Nec3 Re6 17.Bf4 Ne8 18.Bd5 Rf6 19.Re1 Bb7 20.Ne4 Rf5 21.Ng5 Nxb4 22.Bxf7+
Rxf7 23.Nxf7 Nd5 24.Ne5 Nxd6 25.Nxd6 Qxd6 26.Qb3 Qe6 27.Nf3 Qf7 28.Ng5 Qf5
29.Re5 Qf6 30.Rd1 {#r} 1-0